Microbial degradation of natural and synthetic rubbers by novel bacteria belonging to the genus Gordona (Record no. 62900)

MARC details
000 -LEADER
fixed length control field 00429nam a2200145Ia 4500
100 ## - MAIN ENTRY--AUTHOR NAME
Personal name Linos A
245 #0 - TITLE STATEMENT
Title Microbial degradation of natural and synthetic rubbers by novel bacteria belonging to the genus Gordona
260 ## - PUBLICATION, DISTRIBUTION, ETC. (IMPRINT)
Name of publisher Kautschuk Gummi Kunststoffe
Year of publication 1998
300 ## - PHYSICAL DESCRIPTION
Number of Pages 496-499
500 ## - GENERAL NOTE
General note Source Year: 1998
700 ## - ADDED ENTRY--PERSONAL NAME
Personal name Steinbuchel
856 ## - ELECTRONIC LOCATION AND ACCESS
Uniform Resource Identifier IRRDB
942 ## - ADDED ENTRY ELEMENTS (KOHA)
Koha item type Journals
Holdings
Withdrawn status Lost status Damaged status Not for loan Home library Current library Shelving location Date acquired Serial Enumeration / chronology Koha item type
      Journals RRII Library RRII Library Rubber chemistry 17/12/2021 Volume 51, Issue 7 Journals